Movie Title Chain Game Quiz Stats

 Plays Quiz Updated Dec 24, 2012

Challenge
Share
Tweet
Score 0/50 Timer 12:00
0 Plays Today
Starring Movie Title % Correct
Robert Downey Jr.[IRON] Man
85.3%
Dustin HoffmanRain [MAN]
78.4%
Gene KellySingin' in the [RAIN]
70.8%
Meryl StreepThe Iron [LADY]
68.3%
Matt Damon[GOOD] Will Hunting
54.8%
Clark GableGone [WITH] the Wind
51.6%
Audrey Hepburn[MY] Fair Lady
45%
Pierce Brosnan[DIE] Another Day
44.8%
Russell CroweA Beautiful [MIND]
42.4%
Jack NicholsonOne Flew [OVER] the Cuckoo's Nest
41.5%
Javier Bardem[NO] Country for Old Men
41%
Al PacinoDog [DAY] Afternoon
40.9%
Daniel Day-LewisThere [WILL] Be Blood
40.2%
Sean Connery[DR.] No
39.7%
Harrison FordAir Force [ONE]
38.4%
Tom SelleckThree Men and a [BABY]
37.2%
Jim CarreyEternal [SUNSHINE] of the Spotless Mind
36.9%
Casey Affleck[GONE] Baby [GONE]
36.3%
Steve Carell[LITTLE] Miss Sunshine
36%
George ClooneyUp in the [AIR]
35.4%
River Phoenix[STAND] by Me
32.9%
Clive OwenChildren of [MEN]
31.5%
Channing TatumStep [UP]
31.4%
Peter SellersDr. Strangelove or: How I Learned to Stop Worrying and [LOVE] the Bomb
30.4%
Hugh JackmanX-Men: The [LAST] Stand
28.8%
Starring Movie Title % Correct
Will Ferrell[STEP] Brothers
28.2%
Dane CookGood Luck [CHUCK]
27.5%
Marlon Brando[APOCALYPSE] Now
27.4%
Woody HarrelsonWhite [MEN] Can't Jump
27.4%
Tom CruiseThe Last [SAMURAI]
27.3%
Frankie MunizMy [DOG] Skip
27.2%
Jet LiRomeo [MUST] Die
26.1%
Paul RuddI Love You, Man
25.6%
Kate WinsletLittle [CHILDREN]
24.7%
Adam SandlerI [NOW] Pronounce You Chuck & Larry
23.7%
Antonio Banderas[SPY] Kids
23.1%
Toshiro Mifune[SEVEN] Samurai
21.9%
Mark WahlbergFour [BROTHERS]
19.9%
Kirsten DunstCrazy/[BEAUTIFUL]
19.5%
Annette BeningThe [KIDS] Are All Right
19.1%
Bill MurrayThe Life Aquatic with [STEVE] Zissou
19%
Sandra Bullock[ALL] About Steve
18.6%
Robert RedfordSpy [GAME]
17.5%
Adriana Caselotti*Snow [WHITE] and the Seven Dwarfs
16.7%
Dwayne JohnsonThe Game [PLAN]
16.7%
N!xauThe Gods Must Be [CRAZY]
16.1%
Frances McDormand[BLOOD] Simple.
15.9%
Don CheadleReign Over [ME]
13.8%
Billy Bob ThorntonA [SIMPLE] Plan
13.1%
Rudolph ValentinoThe [FOUR] Horsemen of the Apocalypse
10.6%

You're not logged in!

Compare scores with friends on all Sporcle quizzes.
OR
Log In

You Might Also Like...

Show Comments

Extras

Top Quizzes Today


Score Distribution

Your Account Isn't Verified!

In order to create a playlist on Sporcle, you need to verify the email address you used during registration. Go to your Sporcle Settings to finish the process.

Report this User

Report this user for behavior that violates our Community Guidelines.

Details: